Caddo forest trail.

Bibliographic Details
Corporate Author: Texas. Parks and Wildlife Department
Format: Government Document Book
Language:English
Published: Austin, Tex. : Texas Parks and Wildlife Dept., [1988]
Subjects:

MARC

Tag First Indicator Second Indicator Subfields
LEADER 00000cam a2200000 a 4500
001 in00001069507
005 20150929095737.0
008 881108s1988 txu s00010 eng d
035 |a (OCoLC)18722841 
035 |9 AFN6381AM 
040 |a IKM  |c IKM  |d UtOrBLW 
049 |a IKMd 
086 |a P500 C114fot 1988  |2 txdocs 
099 9 |a P500  |a C114fot  |a 1988 
245 0 0 |a Caddo forest trail. 
264 1 |a Austin, Tex. :  |b Texas Parks and Wildlife Dept.,  |c [1988] 
300 |a 13 unnumbered pages :  |b illustrations, 1 map ;  |c 18 cm. 
336 |a text  |b txt  |2 rdacontent 
337 |a unmediated  |b n  |2 rdamedia 
338 |a volume  |b nc  |2 rdacarrier 
500 |a Cover title. 
500 |a "PWD-BK-4502-029A-8/88." 
651 0 |a Caddo Lake State Park (Tex.) 
650 0 |a Nature trails  |z Texas  |z Caddo Lake State Park. 
710 1 |a Texas.  |b Parks and Wildlife Department. 
999 |a MARS 
999 f f |s eca0eef6-84e5-3a9d-bd3e-82f4cc32b9d4  |i 8dd76c82-863b-31ce-be20-e6b3253b7d48  |t 0 
952 f f |p normal  |a Texas A&M University  |b College Station  |c Sterling C. Evans Library  |d Evans: Texas Documents (Annex 5th floor)  |t 0  |e P500 c114fot 1988  |h Superintendent of Documents classification  |i unmediated -- volume  |m A14815837207 
998 f f |a P500 c114fot 1988  |t 0  |l Evans: Texas Documents (Annex 5th floor)